Engineering metals and their alloys

Sparad:
Bibliografiska uppgifter
Huvudupphovsman: Carl H Samand
Materialtyp: Bok
Språk:Undetermined
Publicerad: New York MacMillan 1949
Ämnen:
Taggar: Lägg till en tagg
Inga taggar, Lägg till första taggen!
Thư viện lưu trữ: Trung tâm Học liệu Trường Đại học Cần Thơ
LEADER 00472nam a2200181Ia 4500
001 CTU_11681
008 210402s9999 xx 000 0 und d
082 |a 669 
082 |b S187 
100 |a Carl H Samand 
245 0 |a Engineering metals and their alloys 
245 0 |c Carl H Samand 
260 |a New York 
260 |b MacMillan 
260 |c 1949 
650 |a alloys,metallurgy 
904 |i Minh, 961031 
980 |a Trung tâm Học liệu Trường Đại học Cần Thơ